000 01151nam a2200289 a 4500
001 000001819
005 20200929145721.0
008 090629s2008 bl a 000 0 por d
020 _a9788589309219 (v.1)
020 _a9788589309226 (V.2)
082 _a981.03
_bO48h
100 1 _aOliveira, Maria Lêda,
_d1972-
_95914
245 1 2 _aA historia do Brazil de Frei Vicente do Salvador / :
_bhistoria e política no império português do século XVII.
246 3 0 _aHistória política no império português do século XVII
246 3 0 _aHistoria do Brasil de Frei Vicente do Salvador
260 _aRio de Janeiro
_aSão PauloVersal :
_bVersal
_bOdebrescg,
_c2008.
300 _a2 v. :
_bil. ;
_c32 cm.
500 _aPremio Clarival do Prado Valladares
500 _aIncluye índice
504 _aIncluye referencias bibliograficas
505 0 _av.1. - Estudo. - v.2. A historia do Brasil
600 1 4 _aVICENTE,
_cDO SALVADOR, FREI,
_d1564-1762
_95915
651 4 _aBrasil
_xHistoria
_y1500-1548
_95916
651 4 _aPortugal
_xColonias
_zAmérica
_xHistoria
_95917
910 _aValidado. Control de calidad BNPHU
999 9 9 _a1
_n0000659
_c1696
_d1696
040 _aDO-SdBNP